Logo BPK

Bibliografia Prac Pracowników

Politechniki Koszalińskiej

Globalny system pozycyjny - GPS (współczesna technika pomiarowa) / (Rekord nr 220)

Szczegóły MARC
000 -ETYKIETA REKORDU
podpole kontrolne o stałej długości 01086naa a2200229 i 4500
001 - NUMER KONTROLNY REKORDU
podpole kontrolne BPP
003 - IDENTYFIKATOR NUMERU KONTROLNEGO REKORDU
podpole kontrolne BPK
005 - DATA OSTATNIEJ MODYFIKACJI REKORDU
podpole kontrolne 20180426112501.0
008 - POLE O STAŁEJ DŁUGOŚCI - DANE KONTROLNE
podpole kontrolne o stałej długości 151221s2001 pl f |100 0 pol
040 ## - ŹRÓDŁO KATALOGOWANIA
Instytucja, która utworzyła rekord BPK
080 ## - UNIWERSALNA KLASYFIKACJA DZIESIĘTNA - UKD
UKD 629.783:528
100 ## - NAZWA OSOBOWA
Nazwa osobowa KOPCZEWSKI, Marian.
Lata pracy 1997 - .
Instytucja Politechnika Koszalińska - Wydział Elektroniki,
Wydział Katedra Systemów Elektronicznych
245 ## - TYTUŁ/ODPOWIEDZIALNOŚĆ
Tytuł Globalny system pozycyjny - GPS (współczesna technika pomiarowa) /
Pozostałe elementy strefy tytułu i oznaczenia odpowiedzialności Marian Kopczewski, Grażyna Moryń.
500 ## - UWAGI OGÓLNE
Tekst uwagi sprawozdanie jednostki (Informator o publikowanych wynikach prac naukowo-badawczych w 2001 roku Wydziału Elektroniki).
520 ## - UWAGA DOTYCZĄCA TREŚCI DOKUMENTU
Analiza dokumentacyjna, adnotacja itp. Charakterystyka systemu GPS oraz możliwości jego zastosowania.
650 ## - HASŁO PRZEDMIOTOWE W FORMIE NAZWY OGÓLNEJ LUB JEDNOSTKOWEJ
Nazwa ogólna lub geograficzna GPS.
650 ## - HASŁO PRZEDMIOTOWE W FORMIE NAZWY OGÓLNEJ LUB JEDNOSTKOWEJ
Nazwa ogólna lub geograficzna Nawigacja satelitarna.
655 #0 - TERMIN INDEKSOWY - OKREŚLENIE RODZAJU/FORMY DOKUMENTU
Określnie rodzaju/formy dokumentu Materiały konferencyjne.
711 ## - HASŁO DODATKOWE - NAZWA IMPREZY
Nazwa imprezy Konferencja Naukowa "Sterowanie w radiolokacji i obiektach latających"
Oznaczenie części/sekcji dzieła (12 ;
Data imprezy 2001 ;
Miejsce imprezy Jelenia Góra).
773 ## - TYTUŁ DOKUMENTU MACIERZYSTEGO
Wyrażenie wprowadzające W :
Tytuł Dwunasta Konferencja Naukowa WAT pn. Sterowanie w radiolokacji i obiektach latających. -
Informacje dotyczące relacji 2001, s. 153-160
942 ## - HASŁO DODATKOWE - ELEMENTY(KOHA)
Typ dokumentu Artykuł
Schemat klasyfikacji Uniwersalna klasyfikacja dziesiętna

Brak dostępnych egzemplarzy.

© 2014 Biblioteka Politechniki Koszalińskiej :: BIBLIOGRAFIA PRAC PRACOWNIKÓW